Grenzporträts Anthologie Internationaler Gegenwartslyrik : zweisprachig: deutsch-rumänisch
| Other Authors: | |
|---|---|
| Format: | Book |
| Language: | German Romanian, Moldovan |
| PhysicalDescription: | 216 strán 212 strán |
| Published: |
Berlin
KLAK
2017
|
| ISBN: | 9783943767834 9786068040820 |
| Subjects: |
MARC
| LEADER | 00000nam a2200000 4500 | ||
|---|---|---|---|
| 001 | vtls012065736 | ||
| 003 | SK-MaSNL | ||
| 005 | 20260301041158.0 | ||
| 008 | 210817s2017 gw gr 000 pdger | ||
| 015 | |a SNBZSA2022/11 | ||
| 020 | |a 9783943767834 |q (brožované) | ||
| 020 | |a 9786068040820 |q (brožované) | ||
| 040 | |a SNK |b slo |c SNK |e rda | ||
| 041 | 0 | |a ger |a rum | |
| 044 | |a gw |c DE | ||
| 072 | 7 | |a 82-1/-8 |x Literatúra rôznych foriem a žánrov |2 konspekt | |
| 080 | |a 82-14 |2 2011 | ||
| 080 | |a (082.2) |2 2011 | ||
| 080 | |a (0.027)=030 |2 2011 | ||
| 245 | 0 | 0 | |a Grenzporträts |b Anthologie Internationaler Gegenwartslyrik : zweisprachig: deutsch-rumänisch |c herausgegeben von Rodica Draghincescu |
| 246 | 3 | 1 | |a Portrete de frontieră |b poezie universală contemporană |
| 264 | 1 | |a Berlin |b KLAK |c 2017 | |
| 300 | |a 216 strán |c 212 strán | ||
| 336 | |a text |b txt |2 rdacontent | ||
| 337 | |a bez média |b n |2 rdamedia | ||
| 338 | |a zväzok |b nc |2 rdacarrier | ||
| 500 | |a Zvratmo tlačený text v rumunčine | ||
| 500 | |a Obsahuje biografické a profesijné údaje o autoroch, prekladateľoch a grafikovi | ||
| 504 | |a Bibliografické odkazy | ||
| 650 | 0 | 7 | |a lyrická poézia |2 SNKPH |9 1282 |
| 650 | 0 | 7 | |a Lyric poetry |2 SNKPHeng |9 341436 |
| 655 | 7 | |a antológie |2 SNKPH |9 70414 | |
| 655 | 7 | |a dvojjazyčné vydania |2 SNKPH |9 79030 | |
| 655 | 7 | |a Anthologies |2 SNKPH |9 275775 | |
| 655 | 7 | |a Bilingual editions |2 SNKPHeng |9 311380 | |
| 700 | 1 | |a Draghincescu, Rodica |4 edt |9 342524 | |
| 919 | |a 978-3-943767-83-4 | ||
| 919 | |a 978-606-8040-82-0 | ||
| 954 | |a beletria cudzojazyčná (svetová) |2 lita | ||
| 958 | |a ZS | ||
| 958 | |a NB | ||
| 958 | |a DE | ||
| 958 | |a RO | ||
| 958 | |a LX | ||
| 999 | |c 587786 |d 589716 | ||
| 952 | |a SNK |b SNK |y PREZ |7 0 |p 17A1451503 |o snkSC 197204 |i snk2022/6628 |8 4 |g 21.61 |0 0 |1 0 |4 0 |d 2021-08-17 |f 1 |l 0 |r 2025-10-16 00:00:00 |w 2026-02-23 | ||


